000 00682nam a2200229 a 4500
001 66845
003 BD-RjUL
005 20211209081601.0
008 170320s1982 ill||||| |||| 001 0 eng d
035 _a(BD-RjUL)66976
040 _aBD-RjUL
_beng
_cBD-RjUL
041 _aeng
082 _223
_a004.133
_bFOS 1982
245 _aStandard FORTRAN programming :
_b a structured style /
_cDonald H Ford and Joseph Rue
250 _aForth ed.
260 _aHomewood, Ill. :
_bR.D. Irwin,
_c1982.
300 _axvi, 319 p. :
_bill. ;
_c19 cm.
500 _aIncludes index.
650 _aFORTRAN (Computer program language)
_9197934
700 _aRue, Joseph
_9197935
942 _2ddc
_cBK
999 _c66845
_d66845